| 000 | 01332cam a22003737a 4500 | ||
|---|---|---|---|
| 003 | CHAP | ||
| 005 | 20220329142231.0 | ||
| 008 | 000313d1995 mx r 00110 spa d | ||
| 010 | _a80288 | ||
| 011 | _a81260 | ||
| 035 | _a91727 | ||
| 040 | _cCHAP | ||
| 090 | _aFolleto 15214 | ||
| 110 | 2 |
_aOrganización para la Cooperación y el Desarrollo Económicos. París _983559 |
|
| 245 | 1 | 0 |
_aParticipatory development and good governance _c/by OECD |
| 260 |
_aParis : _bOrganización para la Cooperación y el Desarrollo Economico, _c1995. |
||
| 300 | _a30 p. : | ||
| 410 | _aOrganización para la Cooperación y el Desarollo Económico | ||
| 490 | 0 | _aGuidelines series | |
| 500 | _aEd. bilingüe | ||
| 590 |
_aBATCH-UPD _b10 _c20130110 _lUCH01 _h1728 |
||
| 590 |
_aBATCH-UPD _b10 _c20130410 _lUCH01 _h1110 |
||
| 590 |
_aBATCH-UPD _b10 _c20130914 _lUCH01 _h1409 |
||
| 590 |
_aCONVERSION _b10 _c20130109 _lUCH01 _h1345 |
||
| 650 | 1 | 4 |
_aFinanzas públicas. _940953 |
| 650 | 1 | 4 |
_aGasto público. _947252 |
| 810 | 0 | 0 |
_aOrganización para la Cooperación y el Desarollo Económico _983558 |
| 830 | 0 | 0 |
_aGuidelines series _951352 |
| 901 | _aBK | ||
| 905 | _aGuadalupe Pinto C. | ||
| 942 | _cFOLL | ||
| 949 |
_aFolleto 15214 _bBC _cFOLL _d91727 _eTS2 _fc.2 _i91727 _kDonaciØn _sb |
||
| 949 |
_aFolleto 15214 _bBC _cFOLL _d917271 _eTS1 _i91727 _sb |
||
| 999 |
_c80288 _d80288 |
||